Statistiques concernant tous les kdramas 2022

Cliquez ici pour prendre le quiz!

Statistiques générales

  • Ce quiz a été pris 204 fois
  • Le résultat moyen est 9 sur 127

Statistiques - réponses

Réponse% Correct
All of us are dead
51%
Bussiness proposal
48%
The glory
47%
Twenty-five twenty-one
39%
Tomorrow
30%
Alchemy of souls
27%
Big mouth
19%
Little women
19%
The sound of magic
19%
Extraordinary attorney Woo
18%
Revenge of others
18%
Juvenile justice
17%
Cheer up
16%
Eve
16%
Love all play
14%
Our blues
14%
Shooting stars
14%
The fabulous
14%
Ghost doctor
13%
Thirty-nine
13%
Again my life
12%
Crazy love
12%
Island
12%
Rookie cops
12%
Why her?
12%
Forecasting love and weather
11%
Reborn rich
11%
My liberation notes
10%
Pachinko
10%
Weak hero class 1
10%
Anna
9%
Grid
9%
Money heist: korea
9%
Remarriage and desires
9%
Blind
8%
Love in contract
8%
Millitary prosecutor Doberman
8%
Semantic error
8%
Soundtrack #1
8%
Tracer
8%
Under the queen's umbrella
8%
Dear.M
7%
Hope or dope
7%
Link:eat,love,kill
7%
Once upon a small town
7%
Through the darkness
7%
Today's webtoon
7%
From now on,Showtime!
6%
If you wish upon me
6%
Kiss sixth sense
6%
Somebody
6%
Sponsor
6%
Summer strike
6%
The golden spoon
6%
Adamas
5%
A model family
5%
Bloody heart
5%
Insider
5%
Kill heel
5%
May I help you
5%
Miracle
5%
Monstrous
5%
The law cafe
5%
Unicorn
5%
Woori the virgin
5%
Green mothers' club
4%
Mimicus
4%
Welcome to wedding hell
4%
A superior day
3%
Bad girlfriend
3%
Bad prosecutor
3%
Blueming
3%
Doctor lawyer
3%
Good job
3%
It's beautiful,now
3%
Love class
3%
Love is for suckers
3%
May it please the court
3%
Once again
3%
One dollar lawyer
3%
The forbidden marriage
3%
The interest of love
3%
The killer's shopping list
3%
Unlock my boss
3%
Behind every star
2%
Cleaning up
2%
Gaus electronic
2%
Glitch
2%
Hit the spot
2%
Alice the final weapon
1%
Cafe Minamdag
1%
Cherry blossoms after winter
1%
Choco milk shake
1%
Connect
1%
Curtain call
1%
Dear x who doesn't love me
1%
Fanletter, please
1%
Hunted
1%
I haven't done my best yet
1%
Jinxed at first
1%
King of pigs
1%
Kissable lips
1%
Moonshine
1%
Narcos saints
1%
New normal zine
1%
Ocean likes me
1%
Oh!Boarding house
1%
Red ballon
1%
Roommates of Poongduck 304
1%
Season of blossom
1%
Shadow detective
1%
Stock struck
1%
The first responders
1%
Yonder
1%
Becoming a witch
0%
Happy ending romance
0%
Love in spring
0%
Mental coach jegal
0%
My chilling roommate
0%
New love playlist
0%
Oh! my assistant
0%
Poong,the joseon psychatrist
0%
Rose mansion
0%
The director who buys me dinner
0%
The empire
0%
Three bold siblings
0%
Trolley
0%

Distribution des résultats

Percentile par nombre de réponses

% des personnes avec chaque résultat

Votre développement - résultats

Vous n’avez pas pris ce quiz